Регионална библиотека "Любен Каравелов" - Русе

Релативистична квантова механика (Запис номер 59213)

MARC детайли
000 -Лидер
Контролно поле с фиксирана дължина nam a22 a 4500
003 - Код на организацията, давaща контролен номер
Контролно поле BLK
005 - Дата и час на последна редакция
Контролно поле 20220914162221.0
008 - Елементи от данни с фиксирана дължина
fixed length control field 220914b bul|||||r ||||||| ||bul||
040 ## - Източник на каталожния запис
Идентификатор на билиотеката - собственик на записа BLK
041 ## - Код за език
Код за езика на текст/звукозапис или на отделно заглавие Български
Код за езика КДБФ Български
080 ## - УДК
Текстов определител УДК Квантова теория
УДК код - определител по УДК 530.145
УДК - код + определител 530.145
100 1# - Редна дума - Автор
Автор Бьоркен, Джеймс Д.
Авторска отговорност първи автор
R(LIN) 44805
139 ## - Редно поле
Редна дума Бьоркен, Джеймс Д. и др.
Авторски знак Бьо - Б 95
245 10 - Сведения за заглавието
Заглавие Релативистична квантова механика
Подзаглавни данни Моногр. : Кн. 1 -
Редно поле (дума) Джеймс Д. Бьоркен; съавт. Сидни Д. Дрел; прев. от англ. Бойка Л. Анева; прев. от англ. Васил И. Карлуковски.
Том Кн. 1
257 ## - Страна на издаване
Страна на създаване/издаване България
260 ## - Област на издателските данни
Място на издаване, разпространение и проч. София
Име на издателя, разпространителя и проч. Наука и изкуство
Година на издаване 1974 -
Печатница Ямбол : печ. Г. Димитров
300 ## - Физическа характеристика
Размери/Мащаб 23 см
380 ## - Жанр
Жанр Естествени науки. Математика
500 ## - Общи забележки
Забележка Ориг. загл. Relativistic guantum mechanics
650 #4 - Допълнително описание по предмет – тема
Основно описание – тема или топоним Квантова механика
9 (RLIN) 273989
653 ## - Ключова дума – ненормативна
Ключова дума квантова механика
700 1# - Други автори (авторска отговорност)
Лично име Дрел, Сидни Д.
Автороска отговорност (Описва отношението между автора и произведението) съавт.
9 (RLIN) 65352
700 1# - Други автори (авторска отговорност)
Лично име Анева, Бойка Л.
Автороска отговорност (Описва отношението между автора и произведението) прев. от англ.
9 (RLIN) 288773
700 1# - Други автори (авторска отговорност)
Лично име Карлуковски, Васил И.
Автороска отговорност (Описва отношението между автора и произведението) прев. от англ.
9 (RLIN) 288774
760 1# - Описание на основната серия
Редна дума на основното описание Бьоркен, Джеймс Д.
Място на издаване, издател и година София,1974
Страници - том 294 с.
Забележка - том Азб. показалец
Заглавие Кн. 1
852 ## - Местоположение
Форматна сигнатура Цб 74528
Фондова буква Хранилище
856 4# - Електронен адрес и достъп
Електронен формат pdf - файл
856 4# - Електронен адрес и достъп
Електронен формат pdf - файл
999 ## - СИСТЕМНИ КОНТРОЛНИ НОМЕРА
Koha biblionumber 59213
Koha biblioitemnumber 59213
942 ## - АРТИКУЛИ
Вид на библиотечния материал Книги
Скрит в OPAC Не
Koha issues (borrowed), all copies 2
Периодичен библиозапис Да
944 ## - СЪЗДАВАНЕ И РЕДАКЦИЯ на ЗАПИСА
Създаване/Редакция Създаване
Дата на регистрацията/редакция 13.06.2004
Служител, извършил регистрацията/редакцията Цветанка_Енчева
999 ## - СИСТЕМНИ КОНТРОЛНИ НОМЕРА
Koha biblioitemnumber 59213
Наличности
Код за отписване Код за изгубен артикул Източник на класификационната схема Код за повреда Коз за рестрикции Код за отдаване Артикулен № Име на библиотеката - собственик Име на библиотеката, в която се намира в момента Статус (Текущо местоположение) Дата на вписване в системата Местоположение - отдел Цена в лева Инвентарен номер Систематично азбучна сигнатура Баркод Номер на екземпляра Цена в евро Служебна бележка Служебен тип на артикула
Изтеглен Не е изгубен Universal Decimal Classification Не е повреден без рестрикции ползва се в читалня 96451 Регионална библиотека "Любен Каравелов" Русе Регионална библиотека "Любен Каравелов" Русе Читалня 1993-01-01 Читалня 1.99 177814 Ч 53/Б 95 177814 1 1.02 Дата инв: 15.03.2017 Бележки инв: Ч2017 Книги
  Не е изгубен Universal Decimal Classification Не е повреден само за читалня ползва се в читалня 96452 Регионална библиотека "Любен Каравелов" Русе Регионална библиотека "Любен Каравелов" Русе Хранилище 2001-01-01 Хранилище 1.99 177044 Цб 74528 120000177044 2 1.02 Дост: Dp Вид: Д N: стар фонд Дата: 01.01.2001 Книги
Изтеглен Не е изгубен Universal Decimal Classification Не е повреден без рестрикции заемане за дома 96453 Регионална библиотека "Любен Каравелов" Русе Регионална библиотека "Любен Каравелов" Русе Заемна - подръчен фонд 2001-01-01 Заемна - подръчен фонд 1.99 177813 П 530.1/Б 95 177813 3 1.02 Дост: Pk Вид: Ф N: стар фонд Дата: 01.01.2001 Дата инв: 05.02.2018 Бележки инв: П2018 Книги
Vip Innovations Ltd, Rousse, Bulgaria 2025